Learning Resource and Development

Celebrate! II : (Record no. 20330)

MARC details
000 -LEADER
fixed length control field 01095cam a2200301Ii 4500
001 - CONTROL NUMBER
control field celebrateiiannua00wilt
003 - CONTROL NUMBER IDENTIFIER
control field CaSfIA
005 - DATE AND TIME OF LATEST TRANSACTION
control field 20230525154938.0
007 - PHYSICAL DESCRIPTION FIXED FIELD--GENERAL INFORMATION
fixed length control field cr||||
008 - FIXED-LENGTH DATA ELEMENTS--GENERAL INFORMATION
fixed length control field 760420s1975 ilu 001 0 eng d
010 ## - LIBRARY OF CONGRESS CONTROL NUMBER
LC control number 75024148
040 ## - CATALOGING SOURCE
Original cataloging agency APL
Transcribing agency APL
Modifying agency CaSfIA
020 ## - INTERNATIONAL STANDARD BOOK NUMBER
International Standard Book Number 0912696060 :
Terms of availability 7.95
020 ## - INTERNATIONAL STANDARD BOOK NUMBER
International Standard Book Number 9780912696065
035 ## - SYSTEM CONTROL NUMBER
System control number (OCoLC)2126284
092 ## - LOCALLY ASSIGNED DEWEY CALL NUMBER (OCLC)
Classification number 641.631
Item number W7112c
110 2# - MAIN ENTRY--CORPORATE NAME
Corporate name or jurisdiction name as entry element Wilton Enterprises.
245 10 - TITLE STATEMENT
Title Celebrate! II :
Medium [electronic resource]
Remainder of title the annual for cake decorators /
Statement of responsibility, etc. Ed. by Eugene T. and Marilynn C. Sullivan.
260 ## - PUBLICATION, DISTRIBUTION, ETC.
Place of publication, distribution, etc. Chicago :
Name of publisher, distributor, etc. Wilton Enterprises,
Date of publication, distribution, etc. 1975-
300 ## - PHYSICAL DESCRIPTION
Extent v. :
Other physical details annual ;
Dimensions 29 cm.
500 ## - GENERAL NOTE
General note Includes index.
500 ## - GENERAL NOTE
General note Formerly pub. bi-monthly as a periodical.
650 #0 - SUBJECT ADDED ENTRY--TOPICAL TERM
Topical term or geographic name entry element Cake decorating.
700 1# - ADDED ENTRY--PERSONAL NAME
Personal name Sullivan, Marilynn,
Relator term jt. ed.
700 1# - ADDED ENTRY--PERSONAL NAME
Personal name Sullivan, Eugene T., ed.
856 41 - ELECTRONIC LOCATION AND ACCESS
Uniform Resource Identifier <a href="http://www.archive.org/details/celebrateiiannua00wilt">http://www.archive.org/details/celebrateiiannua00wilt</a>
Public note Free eBook from the Internet Archive
856 42 - ELECTRONIC LOCATION AND ACCESS
Uniform Resource Identifier <a href="http://www.openlibrary.org/books/OL24202970M">http://www.openlibrary.org/books/OL24202970M</a>
Public note Additional information and access via Open Library
Holdings
Withdrawn status Lost status Damaged status Not for loan Collection Home library Current library Date acquired Total Checkouts Date last seen Price effective from Koha item type
        Project Gutenberg Main Library Main Library 05/25/2023   05/25/2023 05/25/2023 EBooks